The Macroeconomic Effects of Migration from the New European Union Member States to the United Kingdom /

The United Kingdom allowed workers from the ten new European Union member countries immediate access to its labor market after the accession in 2004. This paper uses a general equilibrium framework to explore the dynamic adjustment of the UK economy to the postaccession surge in immigration. Simulat...

詳細記述

書誌詳細
第一著者: Iakova, Dora
フォーマット: 雑誌
言語:English
出版事項: Washington, D.C. : International Monetary Fund, 2007.
シリーズ:IMF Working Papers; Working Paper ; No. 2007/061
オンライン・アクセス:Full text available on IMF
LEADER 01516cas a2200241 a 4500
001 AALejournalIMF009240
008 230101c9999 xx r poo 0 0eng d
020 |c 5.00 USD 
020 |z 9781451866254 
022 |a 1018-5941 
040 |a BD-DhAAL  |c BD-DhAAL 
100 1 |a Iakova, Dora. 
245 1 4 |a The Macroeconomic Effects of Migration from the New European Union Member States to the United Kingdom /  |c Dora Iakova. 
264 1 |a Washington, D.C. :  |b International Monetary Fund,  |c 2007. 
300 |a 1 online resource (17 pages) 
490 1 |a IMF Working Papers 
500 |a <strong>Off-Campus Access:</strong> No User ID or Password Required 
500 |a <strong>On-Campus Access:</strong> No User ID or Password Required 
506 |a Electronic access restricted to authorized BRAC University faculty, staff and students 
520 3 |a The United Kingdom allowed workers from the ten new European Union member countries immediate access to its labor market after the accession in 2004. This paper uses a general equilibrium framework to explore the dynamic adjustment of the UK economy to the postaccession surge in immigration. Simulations show that immigration is likely to have positive effects on economic growth, capital accumulation, consumption, and the public finances. 
538 |a Mode of access: Internet 
830 0 |a IMF Working Papers; Working Paper ;  |v No. 2007/061 
856 4 0 |z Full text available on IMF  |u http://elibrary.imf.org/view/journals/001/2007/061/001.2007.issue-061-en.xml  |z IMF e-Library